Normal view
MARC view
- CYRIL.S.M
Entry Personal Name
001 - CONTROL NUMBER
- control field: 5790
003 - CONTROL NUMBER IDENTIFIER
- control field: OSt
005 - DATE AND TIME OF LATEST TRANSACTION
- control field: 20180206104814.0
008 - FIXED-LENGTH DATA ELEMENTS
- fixed length control field: 180206|| aca||aabn | a|a d
040 ## - CATALOGING SOURCE
- Original cataloging agency: OSt
100 ## - HEADING--PERSONAL NAME
- Personal name: CYRIL.S.M